00334 a2200109 4500001001000000005001700010008004100027245005300068100001800121773006800139999001700207ART_1240320260410161906.0260409a 10aSpectification error in multinomial logit models1 aLee, Lung-Fei0 tJournal of econometricsg- Vol. 20, NÂș 2 (nov. 1982)wREV11720 c26332d26332